[Event "September Lviv Tradition (IM-group)"]
[Site "Lviv"]
[Date "2015.10.01"]
[Round "6.2"]
[White "Shkuran, Daniil"]
[Black "Hagesather, Ellen"]
[Result "1-0"]
[WhiteElo "2433"]
[BlackElo "2192"]
[PlyCount "93"]
[EventDate "2015.09.28"]

1. e4 e5 2. Nf3 Nc6 3. Bb5 a6 4. Ba4 Nf6 5. Qe2 Be7 6. c3 d6 7. O-O O-O 8. Rd1
Bd7 9. Bc2 Re8 10. d3 g6 11. Nbd2 Nh5 12. Nf1 Bf6 13. Ng3 Ng7 14. Be3 Qe7 15.
d4 Bg4 16. h3 Bxf3 17. Qxf3 Bg5 18. Nf1 Nh5 19. d5 Nb8 20. a4 a5 21. b4 b6 22.
Qg4 h6 23. Bxg5 hxg5 24. Nd2 Nf6 25. Qe2 Kg7 26. Nc4 Nbd7 27. bxa5 bxa5 28.
Rdb1 Nc5 29. Rb5 g4 30. hxg4 Rh8 31. f3 Rh7 32. Qe3 Rah8 33. Kf2 Rh2 34. Rg1
R8h3 35. Qe1 Nxg4+ 36. Ke2 Nf6 37. Kd1 Rh8 38. Ne3 Nh5 39. Ng4 Rh4 40. Rxa5 f5
41. exf5 gxf5 42. Ne3 Rf4 43. g4 fxg4 44. Rxg4+ Kf7 45. Bg6+ Kg7 46. Bxh5+ Rxg4
47. Nf5+ 1-0

[Event "September Lviv Tradition (IM-group)"]
[Site "Lviv"]
[Date "2015.10.01"]
[Round "6.3"]
[White "Andersen, Alf R"]
[Black "Vasina, Olena"]
[Result "0-1"]
[WhiteElo "2178"]
[BlackElo "2072"]
[PlyCount "70"]
[EventDate "2015.09.28"]

1. e4 c5 2. Nf3 e6 3. d4 cxd4 4. Nxd4 a6 5. Nc3 b5 6. Bd3 Qb6 7. Nb3 Qc7 8. O-O
Bb7 9. f4 b4 10. Nb1 h5 11. Be3 Nf6 12. N1d2 Ng4 13. Qe2 Nxe3 14. Qxe3 h4 15.
Rf3 Be7 16. Rc1 Nc6 17. Kh1 Rh5 18. Rh3 g5 19. Qe2 Rh8 20. fxg5 Bxg5 21. Rf1
Ne5 22. Nf3 Be7 23. Nxe5 Qxe5 24. Nd2 Qxb2 25. Qf2 Qg7 26. Qb6 Rg8 27. Rf2 Bc6
28. Rhf3 f6 29. Bxa6 Bd8 30. Qxb4 Rxa6 31. Nc4 Bxe4 32. Nd6+ Rxd6 33. Qxd6 Bxf3
34. Rd2 Bxg2+ 35. Kg1 Bc6+ 0-1

[Event "September Lviv Tradition (IM-group)"]
[Site "Lviv"]
[Date "2015.10.01"]
[Round "6.4"]
[White "Lizak, Jakub"]
[Black "Anwesh, Upadhyaya"]
[Result "1-0"]
[WhiteElo "2113"]
[BlackElo "2412"]
[PlyCount "99"]
[EventDate "2015.09.28"]

1. e4 e5 2. Nf3 Nc6 3. Bb5 a6 4. Ba4 Nf6 5. O-O Be7 6. Re1 b5 7. Bb3 O-O 8. c3
d6 9. h3 Nb8 10. d4 Nbd7 11. Nbd2 Bb7 12. Bc2 Re8 13. Nf1 Bf8 14. Ng3 g6 15. a4
c6 16. Bd3 Qc7 17. Bg5 Bg7 18. Qd2 Nf8 19. Be3 N6d7 20. h4 Nf6 21. Nh2 Ne6 22.
f4 exf4 23. Bxf4 Nxf4 24. Qxf4 h5 25. Qg5 Rad8 26. axb5 axb5 27. Rf1 Nh7 28.
Qf4 Bc8 29. Nf3 Be6 30. Rae1 Qe7 31. e5 d5 32. Ne2 Qd7 33. Qg3 Re7 34. Nf4 Bf5
35. Ng5 Bxd3 36. Nxd3 Nxg5 37. Qxg5 Kh7 38. e6 Rxe6 39. Rxe6 fxe6 40. Nf4 Qe8
41. Nxg6 Bh6 42. Qxh5 Kg7 43. Nf4 Qxh5 44. Nxh5+ Kg8 45. g4 Be3+ 46. Kg2 b4 47.
g5 bxc3 48. bxc3 c5 49. g6 cxd4 50. Rf7 1-0

[Event "September Lviv Tradition (IM-group)"]
[Site "Lviv"]
[Date "2015.10.01"]
[Round "6.5"]
[White "Naboka, Sergey"]
[Black "Bondarets, Vadim"]
[Result "1/2-1/2"]
[WhiteElo "2237"]
[BlackElo "2289"]
[PlyCount "107"]
[EventDate "2015.09.28"]

1. e4 e6 2. d4 d5 3. Nc3 Nc6 4. Nf3 Nf6 5. Bd3 Bb4 6. Bg5 dxe4 7. Bxe4 h6 8.
Bxc6+ bxc6 9. Bxf6 Qxf6 10. O-O O-O 11. Ne4 Qf5 12. Qe2 a5 13. Ng3 Qf4 14. Qe5
Qxe5 15. Nxe5 Bb7 16. Ne4 Rfd8 17. c3 Be7 18. Rad1 f6 19. Nd3 Ba6 20. Rfe1 Bxd3
21. Rxd3 c5 22. Red1 cxd4 23. Rxd4 Rxd4 24. Rxd4 Kf7 25. Kf1 a4 26. Rc4 c5 27.
b4 axb3 28. axb3 Ra5 29. Ra4 Rb5 30. Ra7 Kf8 31. Nd2 f5 32. Ke2 Rb8 33. Kd3
Rd8+ 34. Kc2 Kf7 35. Nc4 Kf6 36. Rc7 g5 37. Nb6 Bd6 38. Ra7 h5 39. g3 g4 40.
Nc4 Be7 41. Rc7 h4 42. Nb6 hxg3 43. hxg3 Bd6 44. Rc6 f4 45. Na4 fxg3 46. fxg3
Ke5 47. c4 Kd4 48. Kd2 Bxg3 49. Nxc5 Rh8 50. Nxe6+ Ke4 51. Nc5+ Kd4 52. Ne6+
Ke4 53. Nc5+ Kd4 54. Ne6+ $11 1/2-1/2

[Event "September Lviv Tradition (IM-group)"]
[Site "Lviv"]
[Date "2015.10.01"]
[Round "6.6"]
[White "Tarleva, Vira"]
[Black "Walter, Szymon"]
[Result "0-1"]
[WhiteElo "2107"]
[BlackElo "2214"]
[PlyCount "88"]
[EventDate "2015.09.28"]

1. e4 c5 2. Nf3 d6 3. d4 cxd4 4. Nxd4 Nf6 5. Nc3 g6 6. Be3 Bg7 7. f3 O-O 8. Qd2
Nc6 9. O-O-O d5 10. exd5 Nxd5 11. Nxc6 bxc6 12. Bd4 Bxd4 13. Qxd4 Qb6 14. Na4
Qa5 15. b3 Qc7 16. Bc4 Nb6 17. Nc5 Bf5 18. Na6 Qb7 19. Be2 e5 20. Qb4 Rac8 21.
Nc5 Qe7 22. Rd2 Nd5 23. Qa5 e4 24. Nxe4 Qe5 25. c3 Bxe4 26. fxe4 Qxe4 27. Bf3
Qf4 28. Bxd5 cxd5 29. Kc2 d4 30. c4 Rfe8 31. Rhd1 Qxh2 32. Qxa7 Ra8 33. Qxd4
Rxa2+ 34. Kb1 Ra6 35. Qc3 Rae6 36. g4 Re2 37. Rd8 h5 38. R1d2 Qg1+ 39. Kb2 Rxd8
40. Rxe2 Ra8 41. Re1 Qf2+ 42. Kb1 Kh7 43. Re7 Qa2+ 44. Kc1 Qa3+ 0-1

[Event "September Lviv Tradition (IM-group)"]
[Site "Lviv"]
[Date "2015.10.02"]
[Round "7.2"]
[White "Bondarets, Vadim"]
[Black "Tarleva, Vira"]
[Result "1-0"]
[WhiteElo "2289"]
[BlackElo "2107"]
[PlyCount "75"]
[EventDate "2015.09.28"]

1. Nf3 Nf6 2. c4 c5 3. Nc3 b6 4. e4 d6 5. d4 cxd4 6. Nxd4 Bb7 7. f3 e6 8. Be2
Be7 9. O-O O-O 10. Be3 Nbd7 11. Qd2 a6 12. Rfd1 Qc7 13. Rac1 Rac8 14. Kh1 Qb8
15. Qe1 Bd8 16. Nc2 Bc7 17. Qh4 Ne5 18. Qf2 Bd8 19. Na3 Nfd7 20. b3 f5 21. exf5
Rxf5 22. Qg3 Rf6 23. Nab1 Bc7 24. Qh3 Rcf8 25. Nd2 d5 26. cxd5 exd5 27. Nf1 d4
28. Rxd4 Nc5 29. Nd5 Bxd5 30. Rxd5 Qb7 31. Rcd1 Ne6 32. Ng3 Kh8 33. Nh5 Rg6 34.
f4 Nc6 35. f5 Ng5 36. Qg4 Ne7 37. fxg6 Nxd5 38. Qxg5 1-0

[Event "September Lviv Tradition (IM-group)"]
[Site "Lviv"]
[Date "2015.10.02"]
[Round "7.3"]
[White "Anwesh, Upadhyaya"]
[Black "Naboka, Sergey"]
[Result "1/2-1/2"]
[WhiteElo "2412"]
[BlackElo "2237"]
[PlyCount "77"]
[EventDate "2015.09.28"]

1. d4 Nf6 2. c4 e6 3. g3 d5 4. Nf3 c5 5. cxd5 Nxd5 6. Bg2 Nc6 7. O-O Be7 8. Nc3
O-O 9. e4 Nf6 10. d5 exd5 11. exd5 Nb4 12. Ne1 Bg4 13. Qb3 Rc8 14. Qc4 Qd7 15.
Bf4 a6 16. Be5 Qf5 17. Bxf6 Bxf6 18. a3 b5 19. Qe4 Qxe4 20. Bxe4 Rfe8 21. f3
Bh3 22. axb4 cxb4 23. Ne2 Bxf1 24. Kxf1 Bxb2 25. Rxa6 b3 26. Nd3 Bf6 27. Ra3 b2
28. Rb3 Rc2 29. Rxb5 Ra8 30. d6 Rd8 31. f4 g6 32. Ne5 Rd2 33. Ke1 R8xd6 34. Nc4
Rd1+ 35. Kf2 Re6 36. Nxb2 Bxb2 37. Rxb2 Rxe4 38. Nc3 Ree1 39. Nxd1 1/2-1/2

[Event "September Lviv Tradition (IM-group)"]
[Site "Lviv"]
[Date "2015.10.02"]
[Round "7.4"]
[White "Vasina, Olena"]
[Black "Lizak, Jakub"]
[Result "0-1"]
[WhiteElo "2072"]
[BlackElo "2113"]
[PlyCount "90"]
[EventDate "2015.09.28"]

1. d4 Nf6 2. Nf3 g6 3. g3 Bg7 4. Bg2 O-O 5. O-O d6 6. c3 Nbd7 7. Nbd2 Re8 8. e4
e5 9. Re1 b6 10. d5 Bh6 11. b4 Nh5 12. Nb3 Bxc1 13. Qxc1 Ng7 14. c4 a5 15. bxa5
bxa5 16. a4 Nc5 17. Qc3 Nxb3 18. Qxb3 c5 19. Nd2 Bd7 20. Qc3 Qc7 21. f4 f6 22.
Rf1 Rab8 23. h3 Rf8 24. g4 g5 25. fxe5 fxe5 26. Qe3 Rf4 27. Rxf4 gxf4 28. Qe1
Qd8 29. Bf3 h5 30. Ra2 hxg4 31. Bxg4 Bxg4 32. hxg4 Qg5 33. Nf1 Rb4 34. Rg2 Rxa4
35. Nd2 Ra3 36. Qf1 a4 37. Nf3 Qg6 38. Nd2 Rh3 39. Qe2 a3 40. Kf2 a2 41. Qe1
Ra3 42. Qa1 f3 43. Rg1 Qg5 44. Nf1 Qf4 45. Rh1 Qxe4 0-1

[Event "September Lviv Tradition (IM-group)"]
[Site "Lviv"]
[Date "2015.10.02"]
[Round "7.5"]
[White "Hagesather, Ellen"]
[Black "Andersen, Alf R"]
[Result "1/2-1/2"]
[WhiteElo "2192"]
[BlackElo "2178"]
[PlyCount "60"]
[EventDate "2015.09.28"]

1. e4 e5 2. Nf3 Nc6 3. d4 exd4 4. Nxd4 Nf6 5. Nxc6 bxc6 6. e5 Qe7 7. Qe2 Nd5 8.
c4 Ba6 9. g3 g6 10. b3 Bg7 11. Bb2 O-O-O 12. Bg2 Rhe8 13. O-O Bxe5 14. Qxe5
Qxe5 15. Bxe5 Rxe5 16. cxd5 Bxf1 17. Kxf1 cxd5 18. f4 Re3 19. Bxd5 Rd3 20. Bf3
Re8 21. Kf2 Kd8 22. Be2 Rde3 23. Bd1 Rd3 24. Be2 Rde3 25. Bd1 Rd3 26. Be2 Rde3
27. Bd1 Rd3 28. Be2 Rde3 29. Bd1 Rd3 30. Be2 Rde3 $11 1/2-1/2

[Event "September Lviv Tradition (IM-group)"]
[Site "Lviv"]
[Date "2015.10.02"]
[Round "7.6"]
[White "Nesteretz, Anatoliy"]
[Black "Shkuran, Daniil"]
[Result "1-0"]
[WhiteElo "2422"]
[BlackElo "2433"]
[PlyCount "73"]
[EventDate "2015.09.28"]

1. e4 c5 2. Nf3 e6 3. d4 cxd4 4. Nxd4 a6 5. Nc3 Qc7 6. Bd3 Nc6 7. Nxc6 dxc6 8.
O-O Nf6 9. Qe2 e5 10. Be3 Be7 11. a4 a5 12. h3 O-O 13. f4 exf4 14. Bxf4 Qb6+
15. Kh1 Qxb2 16. Bd2 Qb6 17. e5 Nd5 18. Qe4 g6 19. Nxd5 cxd5 20. Qxd5 Be6 21.
Qf3 Qc7 22. Be4 Rab8 23. c4 Qxc4 24. Bxb7 Rfd8 25. Rfc1 Qb3 26. Qxb3 Bxb3 27.
Bxa5 Rd4 28. Bc6 Rc8 29. Bb6 Rb4 30. a5 Bg5 31. Rc5 Be3 32. Rb5 Ra4 33. Rxa4
Bxa4 34. Bxe3 Rxc6 35. Rb4 Bc2 36. Bh6 f6 37. Rb6 1-0

[Event "September Lviv Tradition (IM-group)"]
[Site "Lviv"]
[Date "2015.10.02"]
[Round "8.2"]
[White "Andersen, Alf R"]
[Black "Nesteretz, Anatoliy"]
[Result "0-1"]
[WhiteElo "2178"]
[BlackElo "2422"]
[PlyCount "82"]
[EventDate "2015.09.28"]

1. e4 c5 2. d4 cxd4 3. c3 dxc3 4. Nxc3 e6 5. Nf3 Nc6 6. Bc4 a6 7. O-O b5 8. Bb3
Nge7 9. Bg5 f6 10. Be3 Na5 11. Qe2 Nxb3 12. axb3 Bb7 13. Rfd1 Ng6 14. Nd4 Qb8
15. f4 b4 16. Na4 Bxe4 17. Bf2 f5 18. Nf3 Nxf4 19. Qd2 Nd5 20. Qg5 Qd8 21. Qh5+
g6 22. Qh3 Nf4 23. Qh4 Qxh4 24. Bxh4 Be7 25. Bxe7 Kxe7 26. Ne5 d6 27. Nc4 Nd5
28. Rd2 Rab8 29. Re1 Rb5 30. Rf2 e5 31. g3 Nf6 32. Rd2 Nd5 33. Red1 h5 34. h4
Rg8 35. Kf2 g5 36. Nab6 Nxb6 37. Rxd6 Rd5 38. R1xd5 Nxd5 39. Rxa6 gxh4 40. gxh4
f4 41. Nxe5 Rg2+ 0-1

[Event "September Lviv Tradition (IM-group)"]
[Site "Lviv"]
[Date "2015.10.02"]
[Round "8.3"]
[White "Lizak, Jakub"]
[Black "Hagesather, Ellen"]
[Result "1-0"]
[WhiteElo "2113"]
[BlackElo "2192"]
[PlyCount "107"]
[EventDate "2015.09.28"]

1. e4 e5 2. Nf3 Nc6 3. Bb5 a6 4. Ba4 Nf6 5. O-O Be7 6. Re1 b5 7. Bb3 d6 8. c3
O-O 9. h3 Nb8 10. d4 Nbd7 11. Nbd2 Bb7 12. Bc2 Re8 13. Nf1 c5 14. d5 g6 15. a4
Nh5 16. Be3 Bf6 17. Ng3 Nxg3 18. fxg3 c4 19. Qe2 Bg7 20. Rf1 Rf8 21. Qd2 Nc5
22. Rf2 Qc7 23. Nh2 f6 24. h4 bxa4 25. Qe2 Nxe4 26. Bxe4 f5 27. Bc2 Bxd5 28.
Qd2 Be6 29. Bh6 d5 30. Bxg7 Kxg7 31. Nf3 e4 32. Nd4 Bg8 33. Qf4 Qxf4 34. Rxf4
Rfb8 35. Ra2 a3 36. bxa3 h5 37. Rf1 Kf6 38. Raa1 Bf7 39. Rab1 Be8 40. Kf2 Ke5
41. Ke3 Bd7 42. Rxb8 Rxb8 43. Rb1 Rxb1 44. Bxb1 Be8 45. Ne2 Ba4 46. Nf4 Be8 47.
Bc2 a5 48. Bd1 d4+ 49. cxd4+ Kd6 50. Kd2 Bb5 51. Kc3 e3 52. Nxg6 Kd5 53. Nf4+
Ke4 54. Bf3# 1-0

[Event "September Lviv Tradition (IM-group)"]
[Site "Lviv"]
[Date "2015.10.02"]
[Round "8.4"]
[White "Naboka, Sergey"]
[Black "Vasina, Olena"]
[Result "1/2-1/2"]
[WhiteElo "2237"]
[BlackElo "2072"]
[PlyCount "77"]
[EventDate "2015.09.28"]

1. d4 Nf6 2. Nc3 d5 3. Bg5 c6 4. Qd3 h6 5. Bh4 b5 6. a3 e6 7. e4 Be7 8. e5 Nfd7
9. Bxe7 Qxe7 10. f4 a6 11. Nf3 c5 12. Nd1 cxd4 13. Nxd4 Nc5 14. Qe3 Bd7 15. Bd3
Nc6 16. O-O Nxd4 17. Qxd4 Rc8 18. b4 Nxd3 19. cxd3 f5 20. Ne3 O-O 21. Rac1 g5
22. g3 gxf4 23. Qxf4 Qg5 24. Ng2 Kh7 25. Nh4 Rg8 26. Kf2 Qh5 27. Ng2 Rg4 28.
Qf3 Rxc1 29. Rxc1 Qxh2 30. Rc7 Rg7 31. Qf4 Qh1 32. Qh4 Qa1 33. d4 Qxa3 34. Nf4
Qb2+ 35. Ke3 Qb3+ 36. Kf2 Qb2+ 37. Ke3 Qb3+ 38. Kf2 Qb2+ 39. Ke3 1/2-1/2

[Event "September Lviv Tradition (IM-group)"]
[Site "Lviv"]
[Date "2015.10.02"]
[Round "8.5"]
[White "Tarleva, Vira"]
[Black "Anwesh, Upadhyaya"]
[Result "0-1"]
[WhiteElo "2107"]
[BlackElo "2412"]
[PlyCount "192"]
[EventDate "2015.09.28"]

1. e4 g6 2. d4 c6 3. Nc3 d5 4. Nf3 Bg4 5. exd5 cxd5 6. Bb5+ Nc6 7. h3 Bxf3 8.
Qxf3 e6 9. O-O Bg7 10. Re1 Nge7 11. Bg5 O-O 12. Bxc6 bxc6 13. Qd3 Re8 14. Na4
Qd6 15. Nc5 Nf5 16. c3 e5 17. g4 exd4 18. gxf5 Qxc5 19. f6 h6 20. cxd4 Qd6 21.
fxg7 hxg5 22. Qg3 Qf6 23. Re5 Rxe5 24. dxe5 Qf5 25. Re1 Qe6 26. Qa3 Qd7 27. Qc3
Re8 28. Qe3 f6 29. Qc5 Qc7 30. e6 Kxg7 31. b4 a6 32. a4 g4 33. h4 g3 34. Re2
gxf2+ 35. Kxf2 Qf4+ 36. Ke1 Qg4 37. Qxc6 Qxb4+ 38. Kf1 Qf4+ 39. Kg2 Qg4+ 40.
Kf2 Qxh4+ 41. Kg2 Qg4+ 42. Kf2 Qf5+ 43. Kg2 Re7 44. Qd6 Qg4+ 45. Kf2 Qh4+ 46.
Kg2 f5 47. Qe5+ Qf6 48. Qxd5 f4 49. Kf3 Rc7 50. Kg4 f3 51. Rf2 Re7 52. Rxf3
Qxe6+ 53. Qxe6 Rxe6 54. Rf4 a5 55. Kg5 Re5+ 56. Kg4 Rc5 57. Rd4 Rc1 58. Kf3
Rf1+ 59. Kg2 Rf5 60. Kg3 Kh6 61. Kg4 Rc5 62. Re4 Rc1 63. Kg3 Ra1 64. Kg4 Ra3
65. Rc4 Rb3 66. Rd4 Kg7 67. Kg5 Rg3+ 68. Kf4 Ra3 69. Kg5 Rg3+ 70. Kf4 Rc3 71.
Rd7+ Kf6 72. Rd6+ Kf7 73. Rd7+ Ke6 74. Rd4 Rc5 75. Kf3 Rd5 76. Re4+ Kd6 77. Rg4
g5 78. Ke4 Kc5 79. Ke3 Re5+ 80. Kd3 Kd5 81. Rg3 Ke6 82. Kd4 Kf6 83. Rg2 Rf5 84.
Ke3 Rf4 85. Ra2 Kf5 86. Ra1 g4 87. Rb1 Re4+ 88. Kf2 Rxa4 89. Rb8 Rb4 90. Ra8 a4
91. Rf8+ Ke4 92. Re8+ Kd3 93. Ra8 Kc3 94. Kg3 Kb2 95. Rh8 a3 96. Rh2+ Kb3 0-1

[Event "September Lviv Tradition (IM-group)"]
[Site "Lviv"]
[Date "2015.10.02"]
[Round "8.6"]
[White "Walter, Szymon"]
[Black "Bondarets, Vadim"]
[Result "1-0"]
[WhiteElo "2214"]
[BlackElo "2289"]
[PlyCount "61"]
[EventDate "2015.09.28"]

1. e4 d5 2. exd5 Qxd5 3. Nc3 Qa5 4. d4 Nf6 5. Nf3 Bg4 6. h3 Bh5 7. g4 Bg6 8.
Ne5 c6 9. h4 Nbd7 10. Nc4 Qc7 11. h5 Be4 12. Nxe4 Nxe4 13. Qf3 Nd6 14. Bf4 Nb6
15. Nxd6+ exd6 16. O-O-O O-O-O 17. Bd3 Nd5 18. Bd2 h6 19. c4 Nf6 20. g5 hxg5
21. Bxg5 Be7 22. h6 Rdg8 23. hxg7 Rxh1 24. Rxh1 Qd8 25. Bh6 Qc7 26. Kc2 Bd8 27.
Bg5 Ne8 28. Rh8 Rxg7 29. Qf5+ Qd7 30. Rxe8 Rxg5 31. Rxd8+ 1-0

[Event "September Lviv Tradition (IM-group)"]
[Site "Lviv"]
[Date "2015.10.03"]
[Round "9.2"]
[White "Anwesh, Upadhyaya"]
[Black "Walter, Szymon"]
[Result "1-0"]
[WhiteElo "2412"]
[BlackElo "2214"]
[PlyCount "89"]
[EventDate "2015.09.28"]

1. c4 Nf6 2. g3 e6 3. Bg2 d5 4. Nf3 dxc4 5. Na3 Bxa3 6. bxa3 Nc6 7. Qc2 Qd5 8.
O-O e5 9. Bb2 e4 10. Bxf6 gxf6 11. Nh4 f5 12. d3 Nd4 13. Qd1 Be6 14. dxc4 Qxc4
15. e3 Ne2+ 16. Kh1 Rd8 17. Qb1 Ke7 18. Qb2 Nc3 19. Rfc1 Rd3 20. Bf1 Rhd8 21.
Bxd3 Rxd3 22. Ng2 Qb5 23. Qxb5 Nxb5 24. a4 Nd6 25. Nf4 c6 26. Nxd3 exd3 27. Kg2
Bc4 28. f3 Ke6 29. Rc3 c5 30. Kf2 Kd5 31. Rd1 b6 32. Rcxd3+ Bxd3 33. Rxd3+ Kc6
34. Ke2 a6 35. h4 f6 36. Rd1 b5 37. axb5+ axb5 38. Kd3 b4 39. e4 Kb5 40. Kc2
Nc4 41. Rd7 h5 42. Rh7 fxe4 43. fxe4 Nd6 44. Rxh5 Nxe4 45. Rh8 1-0

[Event "September Lviv Tradition (IM-group)"]
[Site "Lviv"]
[Date "2015.10.03"]
[Round "9.3"]
[White "Vasina, Olena"]
[Black "Tarleva, Vira"]
[Result "1/2-1/2"]
[WhiteElo "2072"]
[BlackElo "2107"]
[PlyCount "104"]
[EventDate "2015.09.28"]

1. Nf3 Nf6 2. g3 d5 3. c3 c5 4. Bg2 e6 5. O-O Bd6 6. d4 Nc6 7. a3 c4 8. Nbd2
O-O 9. Re1 b5 10. e4 Nxe4 11. Nxe4 dxe4 12. Rxe4 Bb7 13. Re1 Ne7 14. Bg5 a5 15.
Qe2 Qc7 16. Bxe7 Qxe7 17. Rad1 Qc7 18. Ng5 Bd5 19. Be4 h6 20. Nf3 b4 21. axb4
axb4 22. Ne5 bxc3 23. bxc3 Bxe4 24. Qxe4 Ra3 25. Re3 Rb8 26. Rf3 Bxe5 27. dxe5
Rb5 28. Re3 Raa5 29. f4 Ra2 30. Re2 Rbb2 31. Rde1 Qb6+ 32. Kg2 Qb3 33. Kh3 Qxc3
34. Rd1 g6 35. Re3 Rxh2+ 36. Kg4 Qb4 37. Rd7 h5+ 38. Kg5 Rhd2 39. Rc7 Qb6 40.
Qc6 Qxc6 41. Rxc6 Rd3 42. Rxd3 cxd3 43. Rd6 Kg7 44. Rxd3 Rh2 45. Rd1 h4 46. Kg4
h3 47. Ra1 Kh6 48. Rb1 Kg7 49. Ra1 Kf8 50. Ra8+ Ke7 51. Rh8 Kd7 52. Rxh3 Rg2
1/2-1/2

[Event "September Lviv Tradition (IM-group)"]
[Site "Lviv"]
[Date "2015.10.03"]
[Round "9.4"]
[White "Hagesather, Ellen"]
[Black "Naboka, Sergey"]
[Result "0-1"]
[WhiteElo "2192"]
[BlackElo "2237"]
[PlyCount "136"]
[EventDate "2015.09.28"]

1. c4 f5 2. d4 Nf6 3. Nf3 g6 4. g3 Bg7 5. Bg2 O-O 6. Nc3 d6 7. O-O Qe8 8. d5 a5
9. Nd4 Na6 10. e4 fxe4 11. Nxe4 Nxe4 12. Bxe4 Bh3 13. Re1 Nc5 14. Bh1 Qa4 15.
b3 Qb4 16. Be3 Qc3 17. Rc1 Qd3 18. Rc2 Qxd1 19. Rxd1 Bd7 20. Rcd2 Na6 21. a3
Rab8 22. Bg2 Nc5 23. b4 axb4 24. axb4 Na4 25. Re1 Bf6 26. h4 c5 27. dxc6 bxc6
28. Bxc6 Bxc6 29. Nxc6 Rbc8 30. b5 Rxc6 31. bxc6 Bc3 32. Ree2 Bxd2 33. Bxd2 Kf7
34. Ba5 Rc8 35. c7 Nc5 36. Rb2 Ke8 37. Kg2 Kd7 38. Kf3 Nd3 39. Rc2 Ra8 40. Ke3
Rxa5 41. Kxd3 Kxc7 42. Kd4 Kc6 43. f4 Ra3 44. Re2 Kd7 45. Rg2 h5 46. Kd5 e6+
47. Ke4 Ke7 48. Rg1 Kf6 49. Rd1 Ke7 50. Rg1 Ra4 51. Kd3 Kf6 52. Kc3 Ra3+ 53.
Kb4 Rd3 54. Kb5 Kf5 55. Kc6 e5 56. fxe5 dxe5 57. Rf1+ Ke6 58. Rg1 e4 59. g4 e3
60. gxh5 gxh5 61. c5 Ke5 62. Kb7 Rb3+ 63. Kc7 Ke4 64. c6 e2 65. Kc8 Kf3 66. c7
Kf2 67. Kd8 Rd3+ 68. Ke8 Rc3 0-1

[Event "September Lviv Tradition (IM-group)"]
[Site "Lviv"]
[Date "2015.10.03"]
[Round "9.5"]
[White "Nesteretz, Anatoliy"]
[Black "Lizak, Jakub"]
[Result "1-0"]
[WhiteElo "2422"]
[BlackElo "2113"]
[PlyCount "96"]
[EventDate "2015.09.28"]

1. d4 Nf6 2. c4 g6 3. Nc3 d5 4. cxd5 Nxd5 5. e4 Nxc3 6. bxc3 Bg7 7. Bc4 c5 8.
Ne2 Nc6 9. Be3 O-O 10. O-O Qc7 11. Rc1 Bd7 12. f4 e6 13. Ng3 Rfe8 14. f5 Na5
15. fxe6 fxe6 16. Be2 e5 17. Qd2 Qd6 18. d5 c4 19. Nh1 b6 20. Nf2 Rf8 21. Ng4
Bxg4 22. Bxg4 Nb7 23. Qb2 Rxf1+ 24. Rxf1 Rf8 25. Rd1 Nc5 26. Qb4 Nxe4 27. Qxc4
Nc5 28. Qb5 e4 29. Qc6 Be5 30. Qxd6 Bxd6 31. Be6+ Kg7 32. Bd4+ Kh6 33. Re1 Re8
34. Bh3 Bf4 35. g3 Bd2 36. Re2 e3 37. Kg2 Nd3 38. d6 Rd8 39. d7 Nc5 40. Bxe3+
Bxe3 41. Rxe3 Kg7 42. Re8 Nb7 43. Be6 Kf6 44. Kf3 b5 45. Ke3 Ke5 46. Bc4+ Kd6
47. Bxb5 Kc5 48. Ba4 Kd6 1-0

[Event "September Lviv Tradition (IM-group)"]
[Site "Lviv"]
[Date "2015.10.03"]
[Round "9.6"]
[White "Shkuran, Daniil"]
[Black "Andersen, Alf R"]
[Result "1-0"]
[WhiteElo "2433"]
[BlackElo "2178"]
[PlyCount "61"]
[EventDate "2015.09.28"]

1. e4 e6 2. d4 d5 3. Nc3 Nf6 4. Bg5 Bb4 5. Nge2 dxe4 6. a3 Be7 7. Bxf6 gxf6 8.
Nxe4 b6 9. N2c3 f5 10. Ng3 Bb7 11. Qd2 Bg5 12. f4 Bf6 13. O-O-O c6 14. Bc4 b5
15. Ba2 a5 16. Qe3 O-O 17. Nh5 b4 18. Na4 Nd7 19. g4 bxa3 20. Qxa3 fxg4 21. h3
Qe7 22. Nxf6+ Qxf6 23. Qg3 Ba6 24. hxg4 Rfb8 25. Nc3 Qg6 26. Rh5 Kh8 27. Rdh1
Nf6 28. Rh6 Qg7 29. Qh4 Rb4 30. g5 Rxd4 31. gxf6 {Time Black Zero} 1-0

[Event "September Lviv Tradition (IM-group)"]
[Site "Lviv"]
[Date "2015.10.03"]
[Round "10.2"]
[White "Lizak, Jakub"]
[Black "Shkuran, Daniil"]
[Result "1/2-1/2"]
[WhiteElo "2113"]
[BlackElo "2433"]
[PlyCount "242"]
[EventDate "2015.09.28"]

1. e4 c5 2. Nf3 e6 3. d4 cxd4 4. Nxd4 a6 5. c4 Nf6 6. Nc3 Bb4 7. Qd3 Qc7 8. a3
Bxc3+ 9. Qxc3 Qe5 10. f3 Nc6 11. Ne2 d5 12. exd5 exd5 13. Bf4 Qxc3+ 14. Nxc3
Be6 15. cxd5 Nxd5 16. Nxd5 Bxd5 17. Rd1 Rd8 18. Kf2 Be6 19. Rxd8+ Kxd8 20. Bd3
Ke7 21. Be4 h6 22. Bd2 Rd8 23. Bc3 f6 24. g4 Kf7 25. Re1 Rd7 26. h4 Ne5 27. Kg3
Nd3 28. Re3 Nc5 29. Bc2 Bb3 30. Bf5 Be6 31. Bc2 Bb3 32. Bxb3+ Nxb3 33. Bxf6 Nd2
34. Bc3 $11 Nf1+ 35. Kf2 Nxe3 36. Kxe3 g6 37. a4 b6 38. Ke4 Rd1 39. Bd4 Ra1 40.
Bxb6 Rxa4+ 41. Ke3 Ra1 42. Kf2 Rb1 43. Bd4 a5 44. Kg3 a4 45. Kf4 Rh1 46. Kg3
Ke6 47. Bg7 Rb1 48. Kf4 Kf7 49. Bc3 Rh1 50. Kg3 h5 51. Bh8 Ke6 52. Bg7 Kd5 53.
Bf6 Kc4 54. Kf4 hxg4 55. fxg4 Kb3 56. Kg5 Rf1 57. Kxg6 Rxf6+ 58. Kxf6 Kxb2 59.
g5 a3 60. g6 a2 61. g7 a1=Q 62. g8=Q Qf1+ 63. Kg7 Qf4 64. Qd8 Qg4+ 65. Qg5 Qd7+
66. Kg6 Qd3+ 67. Kg7 Qd7+ 68. Kh8 Qe8+ 69. Kh7 Qe4+ 70. Kh6 Qe6+ 71. Qg6 Qe3+
72. Kh7 Qh3 73. h5 Kc1 74. Qc6+ Kd1 75. Qd5+ Ke1 76. h6 Qg4 77. Qe5+ Kd1 78.
Qd6+ Ke1 79. Kh8 Qc8+ 80. Kg7 Qg4+ 81. Kf7 Qf5+ 82. Qf6 Qh5+ 83. Kf8 Kd1 84.
Qd6+ Ke1 85. Qe7+ Kd1 86. h7 Qh6+ 87. Ke8 Qg6+ 88. Kd8 Qb6+ 89. Qc7 Qf6+ 90.
Kd7 Qf5+ 91. Kd6 Qf4+ 92. Kc6 Qe4+ 93. Kb6 Qe3+ 94. Kb7 Qe4+ 95. Kc8 Qa8+ 96.
Kd7 Qa4+ 97. Kd8 Qa8+ 98. Ke7 Qe4+ 99. Kf8 Qa8+ 100. Kg7 Qg2+ 101. Kf6 Qf3+
102. Kg5 Qg2+ 103. Kh4 Qe4+ 104. Kh3 Qf5+ 105. Kg3 Qg6+ 106. Kf3 Qd3+ 107. Kf4
Qd4+ 108. Kf5 Qd3+ 109. Ke6 Qg6+ 110. Kd5 Qd3+ 111. Kc6 Qe4+ 112. Kb5 Qd3+ 113.
Kb4 Qe4+ 114. Ka5 Qd5+ 115. Ka6 Qd3+ 116. Ka7 Qa3+ 117. Kb8 Qf8+ 118. Qc8 Qb4+
119. Kc7 Qc5+ 120. Kb8 Qb6+ 121. Qb7 Qd8+ 1/2-1/2

[Event "September Lviv Tradition (IM-group)"]
[Site "Lviv"]
[Date "2015.10.03"]
[Round "10.3"]
[White "Naboka, Sergey"]
[Black "Nesteretz, Anatoliy"]
[Result "1/2-1/2"]
[WhiteElo "2237"]
[BlackElo "2422"]
[PlyCount "159"]
[EventDate "2015.09.28"]

1. e4 c5 2. Nf3 e6 3. d4 cxd4 4. Nxd4 Nf6 5. Bd3 Qb6 6. Nb3 Nc6 7. Nc3 d6 8.
Be3 Qc7 9. Qe2 a6 10. a4 b6 11. O-O Be7 12. f3 O-O 13. Rfd1 Bb7 14. Qf2 Nd7 15.
Be2 Nc5 16. Rd2 Rad8 17. Rad1 Bf6 18. Nd4 Nb4 19. Nb3 Nc6 20. Nd4 Be5 21. a5
bxa5 22. f4 Nxd4 23. Bxd4 Bxd4 24. Qxd4 Rb8 25. Qxd6 Qxd6 26. Rxd6 Nxe4 27. Rb6
Nxc3 28. bxc3 Be4 29. Rxa6 Rb2 30. Bd3 Bxd3 31. cxd3 Rc2 32. Rxa5 Rxc3 33. d4
Rc4 34. Rd2 g6 35. g3 Rd8 36. d5 Rc7 37. Kf2 Rcd7 38. Ke3 exd5 39. Kd4 Re7 40.
Rb2 Re1 41. Rb7 Rd1+ 42. Ke5 Kg7 43. Raa7 Re8+ 44. Kd6 Re6+ 45. Kc5 Rf6 46. Ra2
h5 47. Rd7 Rf5 48. Kb4 h4 49. Re2 Rg1 50. Re5 hxg3 51. Rxf5 gxf5 52. hxg3 Rxg3
53. Rxd5 Kg6 54. Kc4 Re3 55. Kd4 Re4+ 56. Kd3 Rxf4 57. Ke3 Rf1 58. Ke2 Ra1 59.
Rd7 Ra3 60. Kf2 f6 61. Rd4 Kg5 62. Rc4 f4 63. Rc8 Kf5 64. Rb8 Rc3 65. Ra8 Rb3
66. Rc8 Rd3 67. Ra8 f3 68. Ra5+ Kg4 69. Ra4+ Kg5 70. Ra5+ f5 71. Ra4 Rb3 72.
Rc4 Ra3 73. Rb4 Rd3 74. Ra4 Kf6 75. Ra6+ Ke5 76. Ra5+ Kf4 77. Ra4+ Kg5 78. Rb4
Ra3 79. Rc4 f4 80. Rc8 1/2-1/2